Estadísticas para Top 15 Países con el Mayor Territorio Romano

Haz click aquí para tomar la prueba!

Estadísticas generales

  • Esta prueba ha sido tomada 1.922 veces
  • La puntuación promedio es 12 de 15

Estadísticas de respuestas

%km2País% Correcto
100301,000Italia
99%
99498,000España
98%
82525,000Francia
97%
100132,000Grecia
93%
98770,000Turquía
91%
60600,000Egipto
90%
33150,000Marruecos
85%
8200,000Argelia
82%
8150,000Libia
82%
70115,000Túnez
79%
62150,000Reino Unido
74%
75175,000Rumania
70%
80150,000Siria
68%
100111,000Bulgaria
62%
50220,000Irak
53%

Distribución de puntuación

Porcentaje por número respondido

Porcentaje de gente con cada puntuación

Historial de tus puntuaciones

No has tomado esta prueba